Tilastot visalle Kiinan suurimmat kaupungit

Klikkaa tästä pelataksesi tätä visaa!

Yleistilastot

  • Tätä visaa on pelattu 569 kertaa
    (298 viimeisimmän päivityksen jälkeen)
  • Keskiarvotulos 11 / 20

Vastaustilastot

VäkilukuKaupunki% Oikein
20,9 milj.Peking
97%
40,0 milj.Shanghai / Suzhou
93%
7,30 milj.Hongkong
82%
67,8 milj.Kanton / Shenzhen
76%
11,8 milj.Wuhan
76%
12,3 milj.Xi’an
69%
16,6 milj.Chengdu
63%
10,5 milj.Chongqing
59%
11,4 milj.Tianjin
59%
14,5 milj.Xiamen
53%
9,05 milj.Nanjing
50%
13,3 milj.Hangzhou
48%
8,55 milj.Shenyang
43%
7,25 milj.Qingdao
41%
10,5 milj.Changsha
39%
9,45 milj.Zhengzhou
38%
8,00 milj.Shantou
34%
7,50 milj.Hefei
33%
6,35 milj.Jinan
33%
7,10 milj.Ningbo
30%

Tulosjakauma

Persentiili vastausten määrän mukaan

Jokaisen tuloksen saaneiden osuus

Tuloshistoriasi

Et ole pelannut tätä visaa sen viimeisimmän päivityksen jälkeen